Pokemon mit Y im Namen - Statistiken

Allgemein
  • Dieses Quiz wurde 528 mal gespielt
    510 seit der letzten Aktualisierung
  • Das Durchschnittsergebnis liegt bei 14 aus 62
Antwortstatistiken
Pokemon % Korrekt
Schiggy
71%
Raupy
66%
Yveltal
61%
Porygon
53%
Yanma
53%
Rayquaza
52%
Yanmega
48%
Kyogre
46%
Aerodactyl
44%
Hypno
40%
Porygon-Z
40%
Porygon2
39%
Myrapla
38%
Zygarde
31%
Hydropi
29%
Krabby
29%
Phanpy
29%
Magby
26%
Deoxys
25%
Tyracroc
25%
Kyurem
21%
Magnayen
21%
Manaphy
21%
Fiffyen
20%
Ledyba
20%
Fynx
19%
Kryppuk
18%
Panpyro
18%
Shaymin
18%
Hariyama
17%
Waaty
17%
Alabyss
16%
Yorkleff
16%
Zytomega
16%
Burmy
15%
Froxy
15%
Saganabyss
15%
Monozyto
14%
Aeropteryx
12%
Flapteryx
12%
Pyroleo
11%
Serpiroyal
11%
Grypheldis
10%
Hydragil
10%
Hypnomorba
10%
Octillery
10%
Skallyk
10%
Symvolara
10%
Endynalos
9%
Pygraulon
9%
Wolly
9%
Apoquallyp
7%
Bandelby
7%
Typ:Null
7%
Damythir
6%
Fruyal
6%
Myriador
6%
Agoyon
5%
Yuyu
5%
Cryospino
3%
Lecryodon
3%
Pescryodon
2%
Keine übereinstimmenden Quizze gefunden
Verteilung der Resultate
Anzahl Personen mit jedem Resultat
Perzentil nach korrekt beantworteten Fragen
Ihre Resultats-Entwicklung
Sie haben dieses Quiz seit der letzten Aktualisierung nicht gespielt